Statistics for Road Trip Movies Quiz

Click here to take the quiz!

General Stats

  • This quiz has been taken 22 times
  • The average score is 4 of 10

Answer Stats

DescriptionAnswer% Correct
Two small Arkansas town women set out on an adventure that soon becomes a terrifying escape from the policeThelma & Louise
90%
A family determined to get their young daughter into the finals of a beauty pageant takes a cross-country trip in their VW busLittle Miss Sunshine
62%
Selfish yuppie Charlie Babbitt's father left a fortune to his savant brother Raymond and a pittance to CharlieRain Man
52%
A veteran pot dealer creates a fake family as part of his plan to move a huge shipment of weed into the U.S. from MexicoWe're the Millers
52%
The dramatization of a motorcycle road trip Che Guevara went on in his youthThe Motorcycle Diaries
29%
Two men reaching middle age with not much to show but disappointment embark on a week-long road trip through California's wine countrySideways
24%
Peter Highman must reach Los Angeles to make it in time for his child's birthDue Date
19%
An aging, booze-addled father makes the trip from Montana to Nebraska with his estranged son in order to claim a million-dollar mega sweepstakes marketing prizeNebraska
14%
A young graduate, decides to renounce all his possessions and hitchhike across AmericaInto the Wild
10%
In Mexico, two teenage boys and an attractive older woman embark on a road tripY Tu Mama Tambien
10%

Score Distribution

Percentile by Number Answered

Percent of People with Each Score

Your Score History

You have not taken this quiz